| 000 | 00438nam a2200193Ia 4500 | ||
|---|---|---|---|
| 008 | 210210b1959 xxu||||| |||| 00| 0 eng d | ||
| 041 | _aeng | ||
| 082 | _a455/29 | ||
| 100 | _aPILLAI | ||
| 245 | _aDravidian comparative vocabulary I | ||
| 260 |
_aMysore _b- _c1959 |
||
| 650 | _avocabulary | ||
| 650 | _aI | ||
| 650 | _aDravidian | ||
| 650 | _acomparative | ||
| 690 | _aDravidian Language | ||
| 700 | _aOthers | ||
| 906 | _a006794 | ||
| 999 |
_c140874 _d140874 |
||